LEADER 01193nam1-2200421---450- 001 990000339720203316 005 19980928174229.8 035 $a0033972 035 $aUSA010033972 035 $a(ALEPH)000033972USA01 035 $a0033972 100 $a19980928d1992 |||||ita|0103 ba 101 $aita 102 $aIT 105 $a|||| ||||| 200 1 $aFilosofie e società$fMario Vegetti, Franco Alessio, Fulvio Papi 205 $a3. ed 210 $aBologna$cZanichelli$d1992 215 $a3 v.$cill.$d24 cm 606 $aFilosofia$xStoria 676 $a109 700 1$aVEGETTI,$bMario$040815 701 1$aPAPI,$bFulvio$053386 701 1$aALESSIO,$bFranco$0159597 801 0$aIT$bUNFI$c19980928 912 $a990000339720203316 951 $aIV C 3101 959 $aBK 969 $aUMA 979 $aTAMI$b40$c20010213$lUSA01$h1323 979 $aTAMI$b40$c20010213$lUSA01$h1326 979 $aTAMI$b40$c20010213$lUSA01$h1327 979 $aTAMI$b40$c20010213$lUSA01$h1335 979 $aTAMI$b40$c20010213$lUSA01$h1336 979 $c20020403$lUSA01$h1642 979 $aPATRY$b90$c20040406$lUSA01$h1624 996 $aFilosofie e società$9877847 997 $aUNISA LEADER 01706nam 2200493 a 450 001 9910699313303321 005 20230902161953.0 035 $a(CKB)5470000002402787 035 $a(OCoLC)689075390 035 $a(EXLCZ)995470000002402787 100 $a20101203d2006 ua 0 101 0 $aeng 135 $aurmn||||||||| 181 $ctxt$2rdacontent 182 $cc$2rdamedia 183 $acr$2rdacarrier 200 10$aBearing-load modeling and analysis study for mechanically connected structures$b[electronic resource] /$fNorman F. Knight, Jr 210 1$aHampton, Va. :$cNational Aeronautics and Space Administration, Langley Research Center,$d[2006] 215 $a1 online resource (45 pages) $cillustrations 225 1 $aNASA CR-2006-214529 300 $aTitle from title screen (viewed on Dec. 3, 2010). 300 $a"December 2006." 320 $aIncludes bibliographical reference (page 15) 410 0$aNASA contractor report ;$vNASA CR-2006-214529. 606 $aMathematical models$2nasat 606 $aBearings$2nasat 606 $aMechanical properties$2nasat 606 $aHoles (mechanics)$2nasat 606 $aJoints (junctions)$2nasat 606 $aAxial loads$2nasat 615 7$aMathematical models. 615 7$aBearings. 615 7$aMechanical properties. 615 7$aHoles (mechanics) 615 7$aJoints (junctions) 615 7$aAxial loads. 700 $aKnight$b Norman F$01402557 712 02$aLangley Research Center. 801 0$bGPO 801 1$bGPO 906 $aBOOK 912 $a9910699313303321 996 $aBearing-load modeling and analysis study for mechanically connected structures$93498755 997 $aUNINA